000 00472nam a2200181Ia 4500
003 GCL
008 140319s9999 xx 000 0 eng d
040 _aGCL /
_cGCL
082 0 4 _a639.34
_bM F
100 1 _aMILLS, DICK
245 1 0 _aA FISHKEEPER'S GUIDE TO: THE TROPICAL AQUARIUM /
_cMILLS, DICK
260 _a[S.N] :
_bA SOL AMANDER BOOK LIMITED ،
_c1990
300 _a116
650 0 4 _aFISH
650 0 4 _aFISHERY
650 0 4 _aTROPICAL AQUAIUM
942 _2ddc
_cBK
999 _c17705
_d17705